[Event "GRE-chT U16 9th"]
[Site "Thessaloniki"]
[Date "2016.12.17"]
[Round "5.4"]
[White "Tsomarelis, Kyriakos"]
[Black "Koutlas, Nikolaos"]
[Result "0-1"]
[WhiteElo "832"]
[BlackElo "1274"]
[PlyCount "98"]
[EventDate "2016.12.15"]
[EventType "team-swiss"]
[EventRounds "6"]
[EventCountry "GRE"]
[SourceTitle "CBM 176 Extra"]
[Source "ChessBase"]
[SourceDate "2017.03.02"]
[SourceVersion "1"]
[SourceVersionDate "2017.03.02"]
[SourceQuality "1"]
[WhiteTeam "Kavalas"]
[BlackTeam "Alexandroupolis Ethnikos"]
[WhiteTeamCountry "GRE"]
[BlackTeamCountry "GRE"]

1. e4 c5 2. Nf3 e6 3. d4 cxd4 4. Nxd4 Nc6 5. f3 Qc7 6. c4 Nf6 7. a3 Be7 8. Be3 a6 9. Be2 0-0 10. 0-0 Bc5 11. Nc3 e5 12. Nc2 Bxe3+ 13. Nxe3 Nd4 14. Rc1 Qb6 15. b4 Nxe2+ 16. Qxe2 d6 17. Kh1 Be6 18. Rfd1 Rac8 19. Ncd5 Bxd5 20. Nxd5 Nxd5 21. Rxd5 Qc6 22. Qe3 Rfd8 23. h3 f6 24. c5 b6 25. Kh2 dxc5 26. Rxd8+ Rxd8 27. bxc5 b5 28. f4 exf4 29. Qxf4 Rc8 30. Qe3 Qc7+ 31. g3 Qe5 32. Rc2 f5 33. Qb3+ Kf8 34. Qd5 Qxe4 35. Qd6+ Kg8 36. Rd2 Qe3 37. c6 h6 38. h4 Rxc6 39. Qxc6 Qxd2+ 40. Kh3 Qe1 41. Qd5+ Kf8 42. Qxf5+ Ke7 43. Qc5+ Kf6 44. h5 Qh1+ 45. Kg4 Qe4+ 46. Kh3 Qf5+ 47. Qxf5+ Kxf5 48. g4+ Kf4 49. Kh4 a5 0-1